000
00349nam a2200157Ia 4500
005
20250425160838.0
008
250425s9999 xx 000 0 und d
041
_a
spa
082
_a
621.302
245
0
_a
BIBLIOTECA CEA DE ELECTRICIDAD
250
_a
S.E.
260
_a
S.L.
260
_a
Sin Pais
_b
CEAC
_c
1983
942
_c
01
010
_a
6689
999
_c
197359
_d
197359